Statistics for 10 Highest NFL Passing Yard Leaders Ever not in Hall of Fame

Click here to take the quiz!

General Stats

  • This quiz has been taken 17 times
  • The average score is 6 of 10

Answer Stats

YardsPlayer% Correct
46,233Vinny Testaverde
85%
46,247Carson Palmer
77%
44,611Drew Bledsoe
69%
35,133Jay Cutler
69%
37,920Boomer Esiason
62%
34,837Jim Everett
62%
37,276Donovan McNabb
54%
40,922Kerry Collins
54%
36,638Matt Hasselbeck
54%
38,147Dave Krieg
38%

Score Distribution

Percentile by Number Answered

Percent of People with Each Score

Your Score History

You have not taken this quiz